| 000 | 01231 a2200265 4500 | ||
|---|---|---|---|
| 001 | 60677 | ||
| 005 | 20260407155858.0 | ||
| 008 | 260407a1999 arg spa d | ||
| 003 | AR-UNSa-BCEJYS | ||
| 040 |
_aAR-UNSa-BCEJYS _bspa _cAR-UNSa-BCEJYS |
||
| 080 |
_a340.12 _xTendencias en la teoría del derecho. Escuelas, doctrinas jurídicas. Filosofía del derecho. Teorías sobre el Estado y el derecho |
||
| 245 | 1 | 0 | _aManual de teoría del estado y del gobierno |
| 020 | _a978-950-577-184-4 | ||
| 264 | 1 |
_aBuenos Aires : _bEditorial de Belgrano _c1999 |
|
| 300 |
_a307 p. _c23 cm. |
||
| 505 | _a1. La teoría del estado. Objeto y método - 2. El estado – 3. La obligación política – 4. Democracia y estado – 5. Estado y gobierno – 6. Teoría de la constitución y del derecho constitucional – 7. Economía y estado – 8. El nuevo estado – 9. El estado en las ideas políticas | ||
| 041 | _aspa | ||
| 942 | _cBK | ||
| 590 | _aniveau_biblio:m niveau_hierar:0 | ||
| 100 | 1 | _aDalla Via, Alberto Ricardo | |
| 700 | 1 | _aGraña, Eduardo | |
| 700 | 1 | _aSisinni, Nicolás | |
| 700 | 1 | _aBasterra, Marcela I. | |
| 856 | 4 | 1 |
_uhttps://www.biblioeco.unsa.edu.ar/pmb/images/libros/L129301.jpg _yImagen de portada _qimage/jpeg |
| 999 |
_c7106 _d7106 |
||